<?xml version="1.0" encoding="UTF-8"?>
<record
    xmlns:xsi="http://www.w3.org/2001/XMLSchema-instance"
    xsi:schemaLocation="http://www.loc.gov/MARC21/slim http://www.loc.gov/standards/marcxml/schema/MARC21slim.xsd"
    xmlns="http://www.loc.gov/MARC21/slim">

  <leader>00408nam a2200145Ia 4500</leader>
  <controlfield tag="008">231217s9999    xx            000 0 und d</controlfield>
  <datafield tag="041" ind1=" " ind2=" ">
    <subfield code="a">English</subfield>
  </datafield>
  <datafield tag="082" ind1=" " ind2=" ">
    <subfield code="a">001.535  CHA;2</subfield>
  </datafield>
  <datafield tag="100" ind1=" " ind2=" ">
    <subfield code="a">Charniak, Eugene McDermott, Drew</subfield>
  </datafield>
  <datafield tag="245" ind1=" " ind2="0">
    <subfield code="a">Introduction to artificial intelligence</subfield>
  </datafield>
  <datafield tag="260" ind1=" " ind2=" ">
    <subfield code="c">1985</subfield>
    <subfield code="b">Massachusetts : Addison-Wesley,</subfield>
  </datafield>
  <datafield tag="300" ind1=" " ind2=" ">
    <subfield code="a">xvii+701</subfield>
  </datafield>
  <datafield tag="650" ind1=" " ind2=" ">
    <subfield code="a">Artificial Intelligence</subfield>
  </datafield>
  <datafield tag="942" ind1=" " ind2=" ">
    <subfield code="c">AA</subfield>
  </datafield>
  <datafield tag="999" ind1=" " ind2=" ">
    <subfield code="c">166850</subfield>
    <subfield code="d">166850</subfield>
  </datafield>
  <datafield tag="952" ind1=" " ind2=" ">
    <subfield code="r">2024-01-26 00:00:00</subfield>
    <subfield code="l">0</subfield>
    <subfield code="o">001.535  CHA;2</subfield>
    <subfield code="p">14847</subfield>
    <subfield code="v">232.06</subfield>
    <subfield code="w">2024-01-26</subfield>
    <subfield code="y">AA</subfield>
    <subfield code="1">0</subfield>
    <subfield code="4">0</subfield>
    <subfield code="7">0</subfield>
    <subfield code="8">CL</subfield>
    <subfield code="0">0</subfield>
    <subfield code="a">ML</subfield>
    <subfield code="b">ML</subfield>
    <subfield code="d">2000-03-01</subfield>
    <subfield code="e">Sai Books</subfield>
    <subfield code="g">6.10</subfield>
    <subfield code="E">MCA</subfield>
    <subfield code="K">907</subfield>
    <subfield code="L">06/08/2002</subfield>
    <subfield code="G">RS</subfield>
    <subfield code="F">44.8</subfield>
    <subfield code="V">0.92</subfield>
    <subfield code="W">15</subfield>
  </datafield>
  <datafield tag="952" ind1=" " ind2=" ">
    <subfield code="r">2024-01-26 00:00:00</subfield>
    <subfield code="l">0</subfield>
    <subfield code="o">001.535  CHA;3</subfield>
    <subfield code="p">14848</subfield>
    <subfield code="v">273.28</subfield>
    <subfield code="w">2024-01-26</subfield>
    <subfield code="y">AA</subfield>
    <subfield code="1">0</subfield>
    <subfield code="4">0</subfield>
    <subfield code="7">0</subfield>
    <subfield code="8">CL</subfield>
    <subfield code="0">0</subfield>
    <subfield code="a">ML</subfield>
    <subfield code="b">ML</subfield>
    <subfield code="d">2000-03-01</subfield>
    <subfield code="e">Sai Books</subfield>
    <subfield code="g">6.10</subfield>
    <subfield code="E">MCA</subfield>
    <subfield code="K">907</subfield>
    <subfield code="L">06/08/2002</subfield>
    <subfield code="G">RS</subfield>
    <subfield code="F">44.8</subfield>
    <subfield code="V">0</subfield>
    <subfield code="W">0</subfield>
  </datafield>
  <datafield tag="952" ind1=" " ind2=" ">
    <subfield code="r">2024-04-01 00:00:00</subfield>
    <subfield code="l">1</subfield>
    <subfield code="o">001.535  CHA;5</subfield>
    <subfield code="p">14850</subfield>
    <subfield code="q">2003-09-30</subfield>
    <subfield code="s">2024-04-01</subfield>
    <subfield code="v">273.40</subfield>
    <subfield code="w">2024-01-26</subfield>
    <subfield code="y">AA</subfield>
    <subfield code="z">Issued to 1549/MCA/Nagaprasad C S/1997</subfield>
    <subfield code="1">0</subfield>
    <subfield code="4">0</subfield>
    <subfield code="7">0</subfield>
    <subfield code="8">CL</subfield>
    <subfield code="0">0</subfield>
    <subfield code="a">ML</subfield>
    <subfield code="b">ML</subfield>
    <subfield code="d">2000-03-01</subfield>
    <subfield code="e">Sai Books</subfield>
    <subfield code="g">273.40</subfield>
    <subfield code="E">MCA</subfield>
    <subfield code="K">907</subfield>
    <subfield code="L">06/08/2002</subfield>
    <subfield code="G">RS</subfield>
    <subfield code="F">1</subfield>
    <subfield code="V">0</subfield>
    <subfield code="W">0</subfield>
  </datafield>
  <datafield tag="952" ind1=" " ind2=" ">
    <subfield code="r">2024-01-26 00:00:00</subfield>
    <subfield code="l">0</subfield>
    <subfield code="o">001.535  CHA;6</subfield>
    <subfield code="p">14851</subfield>
    <subfield code="v">273.60</subfield>
    <subfield code="w">2024-01-26</subfield>
    <subfield code="y">AA</subfield>
    <subfield code="1">0</subfield>
    <subfield code="4">0</subfield>
    <subfield code="7">0</subfield>
    <subfield code="8">CL</subfield>
    <subfield code="0">0</subfield>
    <subfield code="a">ML</subfield>
    <subfield code="b">ML</subfield>
    <subfield code="d">2000-03-01</subfield>
    <subfield code="e">Sai Books</subfield>
    <subfield code="g">273.60</subfield>
    <subfield code="E">MCA</subfield>
    <subfield code="K">907</subfield>
    <subfield code="L">05/12/2002</subfield>
    <subfield code="G">RS</subfield>
    <subfield code="F">1</subfield>
    <subfield code="V">0</subfield>
    <subfield code="W">0</subfield>
  </datafield>
  <datafield tag="952" ind1=" " ind2=" ">
    <subfield code="r">2024-01-26 00:00:00</subfield>
    <subfield code="l">0</subfield>
    <subfield code="o">001.535  CHA;7</subfield>
    <subfield code="p">14852</subfield>
    <subfield code="v">232.17</subfield>
    <subfield code="w">2024-01-26</subfield>
    <subfield code="y">AA</subfield>
    <subfield code="1">0</subfield>
    <subfield code="4">0</subfield>
    <subfield code="7">0</subfield>
    <subfield code="8">CL</subfield>
    <subfield code="0">0</subfield>
    <subfield code="a">ML</subfield>
    <subfield code="b">ML</subfield>
    <subfield code="d">2000-03-01</subfield>
    <subfield code="e">Sai Books</subfield>
    <subfield code="g">6.10</subfield>
    <subfield code="E">MCA</subfield>
    <subfield code="K">907</subfield>
    <subfield code="L">05/12/2002</subfield>
    <subfield code="G">USD</subfield>
    <subfield code="F">44.82</subfield>
    <subfield code="V">0.92</subfield>
    <subfield code="W">15</subfield>
  </datafield>
</record>
